[Event "Olympiad-28"]
[Site "Thessaloniki"]
[Date "1988.11.21"]
[Round "8"]
[White "Skalkotas, Nikolaos"]
[Black "Ferreira, Antonio"]
[Result "1/2-1/2"]
[WhiteElo "2370"]
[BlackElo "2300"]
[PlyCount "130"]
[EventDate "1988.11.13"]
[EventType "team-swiss"]
[EventRounds "14"]
[EventCountry "GRE"]
[SourceTitle "TD"]
[Source "ChessBase"]
[SourceDate "1994.03.01"]
[SourceVersion "1"]
[SourceVersionDate "1994.03.01"]
[SourceQuality "1"]
[WhiteTeam "Greece"]
[BlackTeam "Portugal"]
[WhiteTeamCountry "GRE"]
[BlackTeamCountry "POR"]

1. c4 Nf6 2. Nc3 g6 3. g3 Bg7 4. Bg2 0-0 5. e4 d6 6. Nge2 e5 7. d3 Nc6 8. h3 Nd7 9. Be3 Nc5 10. 0-0 Ne6 11. Qd2 Ncd4 12. f4 f5 13. Rae1 c6 14. Kh2 Bd7 15. Bg1 Rf7 16. Nxd4 Nxd4 17. Ne2 Nxe2 18. Rxe2 Qf8 19. fxe5 Bxe5 20. d4 Bg7 21. exf5 Bxf5 22. Rfe1 Bh6 23. Be3 Bxe3 24. Qxe3 Bd7 25. c5 d5 26. b4 Qg7 27. Qe5 Qh6 28. Qe3 Qxe3 29. Rxe3 Raf8 30. Re7 Rxe7 31. Rxe7 Rf7 32. Rxf7 Kxf7 33. b5 h6 34. Kg1 Ke6 35. bxc6 Bxc6 36. Kf2 g5 37. Ke3 Kf5 38. Bf3 Kf6 39. Bg4 Ke7 40. h4 Kf6 41. Kd2 Kg6 42. Kc3 Kf6 43. Kb4 Kg6 44. a4 Kf6 45. a5 a6 46. Kc3 Ke7 47. Kd2 Bd7 48. Be2 Kf6 49. Bd3 Bc8 50. Ke3 Bd7 51. Be2 Kg6 52. Bf3 Be6 53. Be2 Bc8 54. Kf3 Kf6 55. Bd3 Bd7 56. Ke3 Bc8 57. Kd2 Ke7 58. Kc3 Kd7 59. Kb3 Kc7 60. Kb4 Bd7 61. Bg6 Bg4 62. Bf7 Kc6 63. Be8+ Bd7 64. Bh5 Be6 65. Bd1 Kc7 1/2-1/2